Statystyki dla Czy rozpoznasz loga wybranych producentów broni #1

Kliknij tutaj aby rozwiązać quiz!

Ogólne statystyki

  • Ten quiz został rozwiązany 18 razy
  • Średni wynik to 5 z 12

Statystyki odpowiedzi

Odpowiedź% Poprawnych
Sig Sauer
87%
Hekler & Koch
80%
Colt’s Manufacturing Company
53%
Fabbrica d’Armi Pietro Beretta
47%
Carl Walther
40%
Deutsche Waffen- und Munitionsfabriken
33%
Fabrique Nationale de Herstal
33%
Mauser-Werke Oberndorf Waffensysteme
33%
Remington Arms Company
33%
Daniel Defense
27%
Springfield Armory
20%
Steyr Arms
20%

Rozkład punktacji

Percentyl według liczby udzielonych odpowiedzi

Procent ludzi z każdym wynikiem

Twoja historia wyników

Nie rozwiązałeś tego quizu